000 005210000a22001930004500
001 2028
003 CO-MdFUSB
005 20170616141420.0
008 170616b xxu||||| |||| 00| 0 eng d
020 _a958-04-9695-1
040 _cCO-MdBIC
082 0 4 _a863C B862lt
100 1 _aBloom, Becky
245 1 0 _aLa liebre y la tortuga / Becky Bloom y Pawel ; Traducción Vristina Puerta
260 _aBogotá : Grupo Editorial Norma
300 _a32 P.
650 1 4 _aCuentos Infantiles estadounidenses
942 _cLGB
999 _c49178
_d49178